| 000 | 01049cam a2200241 4500 | ||
|---|---|---|---|
| 001 | WB4019-19 | ||
| 008 | 040519n2004 000 0 eng u | ||
| 035 | _a(Sirsi) u126233 | ||
| 245 | _aReport on farming changes | ||
| 260 | _c2004 | ||
| 490 |
_aScottish Executive News Release _v(SEen861e/2004) 19 May 2004 (2) |
||
| 520 | _aScottish Executive publishes the latest edition of the Economic Report on Scottish Agriculture which is produced annually. The main changes include; the area of wheat sown has increased by 20% to 104 000 hectares and oilseed rape areas increased by 13%. Also, total income from farming has risen by £106m in 2003, a rise of 29% from the previous year. For the Scottish Executive News Release: http://www.scotland.gov.uk/pages/news/2004/05/SEen 861e.aspx | ||
| 590 | _aWB | ||
| 590 | _aWB | ||
| 650 | _aSCOTLAND | ||
| 650 | _aWHEAT | ||
| 650 | _aOILSEED RAPE | ||
| 650 | _aCROPS | ||
| 650 | _aFARMING BUSINESS | ||
| 650 | _aFARMING DEVELOPMENT | ||
| 690 | _aRURAL-AGRICULTURE AND FORESTRY | ||
| 942 | _n0 | ||
| 999 |
_c117374 _d117374 |
||